000 00908nam a2200277 i 4500
001 000043743
003 DO-SdBNP
005 20230515154735.0
007 ta
008 140422s2002 dr 000 0 spa d
040 _aDO-SdBNP
_bspa
_cBNPHU
_erda
082 4 _222
100 1 _aLinares, Manuel
_953454
245 1 0 _aPolítica, propuestas y reforma electoral en la UASD /
_cManuel Linares.
264 _aSanto Domingo :
_bSomos Artes Gráficas,
_c2002.
300 _a94 páginas ;
_c22 cm.
336 _2rdacontent
_atexto
_btxt
337 _2rdamedia
_asin mediación
_bn
338 _2rdacarrier
_avolumen
_bnc
500 _aIncluye referencias bibliográficas y notas al pie de las páginas
500 _aIncluye datos biográficos del autor en la solapa de la contracubierta
504 _aBibliografía : p. 93-94
590 _aInventariado, 2023/BT
910 _aBtavárez
942 _2ddc
_cLBS1
999 _c43232
_d43232